The structure and dynamics of theories / (Record no. 121570)
[ view plain ]
| 000 -LEADER | |
|---|---|
| fixed length control field | 01261cam a2200361 i 4500 |
| 001 - CONTROL NUMBER | |
| control field | 145617 |
| 003 - CONTROL NUMBER IDENTIFIER | |
| control field | ARRUPE |
| 005 - DATE AND TIME OF LATEST TRANSACTION | |
| control field | 20150109140535.0 |
| 008 - FIXED-LENGTH DATA ELEMENTS--GENERAL INFORMATION | |
| fixed length control field | 830315s1976 nyu b 001 0 eng |
| 010 ## - LIBRARY OF CONGRESS CONTROL NUMBER | |
| LC control number | 75028364 |
| 020 ## - INTERNATIONAL STANDARD BOOK NUMBER | |
| International Standard Book Number | 0387074937 |
| 035 ## - SYSTEM CONTROL NUMBER | |
| System control number | (OCoLC)1659571 |
| 035 ## - SYSTEM CONTROL NUMBER | |
| System control number | (OCoLC)ocm01659571 |
| 035 ## - SYSTEM CONTROL NUMBER | |
| System control number | (CStRLIN)NYCG83-B19418 |
| 035 ## - SYSTEM CONTROL NUMBER | |
| System control number | (NNC)145617 |
| 040 ## - CATALOGING SOURCE | |
| Transcribing agency | fdf |
| 041 1# - LANGUAGE CODE | |
| Language code of text/sound track or separate title | engger |
| 050 0# - LIBRARY OF CONGRESS CALL NUMBER | |
| Classification number | Q175 |
| Item number | .S762 |
| 082 ## - DEWEY DECIMAL CLASSIFICATION NUMBER | |
| Classification number | 501 |
| 090 ## - LOCALLY ASSIGNED LC-TYPE CALL NUMBER (OCLC); LOCAL CALL NUMBER (OCLC) | |
| Classification number (OCLC) (R) ; Classification number, CALL (RLIN) (NR) | Q175 |
| Local cutter number (OCLC) ; Book number/undivided call number, CALL (RLIN) | .S762 |
| 300 ## - PHYSICAL DESCRIPTION | |
| Dimensions | 24 cm. |
| 100 1# - MAIN ENTRY--PERSONAL NAME | |
| Personal name | Stegmüller, Wolfgang. |
| 9 (RLIN) | 13668 |
| 240 10 - UNIFORM TITLE | |
| Uniform title | <a href="Probleme und Resultate der Wissenschaftstheorie und analytischen Philosophie.">Probleme und Resultate der Wissenschaftstheorie und analytischen Philosophie.</a> |
| Number of part/section of a work | 2, |
| Name of part/section of a work | Theorie und Erfahrung. |
| Number of part/section of a work | 2. Halbbd. |
| Language of a work | English |
| 245 14 - TITLE STATEMENT | |
| Title | The structure and dynamics of theories / |
| Statement of responsibility, etc | Wolfgang Stegmüller. |
| 260 ## - PUBLICATION, DISTRIBUTION, ETC. (IMPRINT) | |
| Place of publication, distribution, etc | New York : |
| Name of publisher, distributor, etc | Springer-Verlag, |
| Date of publication, distribution, etc | 1976. |
| 300 ## - PHYSICAL DESCRIPTION | |
| Extent | xvii, 284 p. ; |
| 500 ## - GENERAL NOTE | |
| General note | Translation of Theorienstrukturen und Theoriendynamik, originally published as v. 2, pt. 2 of the author's Probleme und Resultate der Wissenschaftstheorie und analytischen Philosophie. |
| 500 ## - GENERAL NOTE | |
| General note | Includes index. |
| 504 ## - BIBLIOGRAPHY, ETC. NOTE | |
| Bibliography, etc | Bibliography: p. 273-277. |
| 650 #0 - SUBJECT ADDED ENTRY--TOPICAL TERM | |
| Topical term or geographic name as entry element | Science |
| General subdivision | Methodology. |
| 9 (RLIN) | 13669 |
| 650 #0 - SUBJECT ADDED ENTRY--TOPICAL TERM | |
| Topical term or geographic name as entry element | Science |
| General subdivision | Philosophy. |
| 9 (RLIN) | 13670 |
| 942 ## - ADDED ENTRY ELEMENTS (KOHA) | |
| Source of classification or shelving scheme | Library of Congress Classification |
| Koha item type | Monograph ( Printed materials) |
| Withdrawn status | Lost status | Source of classification or shelving scheme | Damaged status | Not for loan | Collection code | Home library | Current library | Shelving location | Date acquired | Total Checkouts | Full call number | Barcode | Date last seen | Price effective from | Koha item type | Copy number |
|---|---|---|---|---|---|---|---|---|---|---|---|---|---|---|---|---|
| Library of Congress Classification | Main Collection | ARRUPE LIBRARY | ARRUPE LIBRARY | Main Collection | 09/01/2015 | Q175 .S762 | 46500003356 | 03/07/2019 | 09/01/2015 | Monograph ( Printed materials) | ||||||
| Library of Congress Classification | Main Collection | ARRUPE LIBRARY | ARRUPE LIBRARY | Main Collection | 06/10/2020 | Q175 .S762 | 46600008326 | 06/10/2020 | 06/10/2020 | Monograph ( Printed materials) | 2 |